000 00905 a2200241 4500
003 Nust
005 20220812114307.0
010 _a 2004268992
020 _a013649286x
040 _cNust
082 0 0 _a621.3813,THO
100 1 _aThomas, Roland E.,
_996973
245 1 4 _aThe analysis and design of linear circuits /
_cRoland E. Thomas, Albert J. Rosa.
250 _a ed.
260 _aHoboken, NJ :
_bWiley,
_cc2004.
300 _axviii, 788, [38] p. :
_bill. ;
_c27 cm.
505 _aPart.1 Resistance Circuits (Page-1), Part.2 Dynamic Circuits (Page-253), Part.3 Applications (Page-697)
650 0 _aTelecommunication Engineering.
700 1 _aRosa, Albert J.,
_d1942-
_983482
856 4 1 _3Publisher description
_uhttp://www.loc.gov/catdir/enhancements/fy0620/2004268992-d.html
856 4 1 _3Table of contents only
_uhttp://www.loc.gov/catdir/toc/wiley041/2004268992.html
942 _cREF
_2ddc
999 _c175631
_d175631